000
00187nam a22000857a 4500
999
_c
41252
_d
41252
100
_a
Kapoor, Gurbaksh Singh
245
_a
Madhya kalin Bharat Ka Suvidh Itihas
260
_c
1962
942
_c
BK